000 00674nab a2200193 4500
001 244442
003 OSt
005 20250423093600.0
007 tu
008 200917s2020|||||||
040 _aDE-2950
_cDE-2950
245 0 0 _aStraßernname sorgt für Diskussionen
_bKontroverse. Sie darf nicht mehr in die EU einreisen und Putin benannte einen Nuklear-Kampfjet nach ihr - Frankfurt hingegen würdigt sie mit einer eigenen Straße/
_cLeonard Palm
264 _c2024
653 _aFrankfurt (Oder)
653 _aStraßenname
653 _aWalentina Tereschkowa
773 0 _g36. Jahrgang (2025) Nr. 94 vom 23.04.2025, S. 15 mit Foto
_tMärkische Oderzeitung
942 _2z
_cA
999 _c373731
_d373731